000 00669nam a22002177a 4500
999 _c15279
_d15279
003 AR-CdUCM
008 190426b ||||| |||| 00| 0 spa d
020 _a978-607-618-497-4
040 _aMUNICIPALIDAD PROVINCIAL DEL CUSCO
_cBIBLIOTECA MUNICIPAL DEL CUSCO
082 _aPI / 803.08 /
_bL33
100 _aLe, Khoa
_925148
245 _aMil lagrimas /
260 _aMéxico :
_bSilver Dolphin,
_c2015.
300 _bIlustraciones,
_c25 cm.
500 _aNo cuenta con numeración de paginas
650 _aCuentos infantiles
_93927
650 _aLiteratura infantil
_9588
650 _aPrimera infancia
_924660
942 _2ddc
_cLIBROS
945 _adavv
_d26/04/2019